Australia by Letter - O - Statistics

General Stats
  • This quiz has been taken 14 times
  • The average score is 9 of 10
Answer Stats
Hint Answer % Correct
The word that these place names share: Indian _____, Pacific _____, Southern _____ Ocean
100%
Chant that could be heard at the above event or other sporting events: Aussie Aussie Aussie, __ __ __ Oi Oi Oi
100%
First name of entertainer ______ Newton-John Olivia
100%
Event hosted by Melbourne in 1956 and Sydney in 2000 Olympics
100%
Australia's national gemstone Opal
100%
Iconic Sydney landmark opened in 1973 and designed to look like the sails of a yacht Opera House
100%
Generic term for the vast desert areas of inland Australia Outback
100%
Mollusk species endemic to Australia: Sydney Rock ______ Oyster
85%
"Colourful" and "fruity" central New South Wales town Orange
77%
Remote South Australian town giving its name to a popular tourist track Oodnadatta
46%
No matching quizzes found
Score Distribution
Percent of People with Each Score
Percentile by Number Answered
Your Score History
You have not taken this quiz